[Event "BCF-chT2 2425 (4NCL)"]
[Site "England"]
[Date "2025.01.25"]
[Round "3.65"]
[White "Wafa, Shrook"]
[Black "Wilks, Simon"]
[Result "1-0"]
[WhiteElo "2110"]
[BlackElo "2069"]
[PlyCount "113"]
[EventDate "2024.11.23"]
[EventType "team-tourn"]
[EventRounds "11"]
[EventCountry "ENG"]
[SourceTitle "CB14_2025"]
[SourceDate "2024.11.01"]
[SourceVersion "1"]
[SourceVersionDate "2024.11.01"]
[SourceQuality "1"]
[WhiteTeam "The ADS"]
[BlackTeam "Schach Attack"]
[WhiteTeamCountry "ENG"]
[BlackTeamCountry "ENG"]

1. e4 e6 2. d4 d5 3. Nc3 Nf6 4. Bg5 Bb4 5. Nge2 dxe4 6. a3 Be7 7. Bxf6 gxf6 8. Nxe4 f5 9. N4c3 c6 10. g3 b6 11. Bg2 Bb7 12. Nf4 Bf6 13. Qh5 0-0 14. 0-0-0 Nd7 15. h4 Bg7 16. Qe2 Bh6 17. Kb1 Bxf4 18. gxf4 Qc7 19. Rhg1 Kh8 20. Qe3 Rg8 21. Bf3 Rxg1 22. Rxg1 Rg8 23. Rg5 h6 24. Rg3 Qd8 25. h5 Qc7 26. Ne2 Qd6 27. Nc1 Rxg3 28. fxg3 Nf6 29. Nd3 Kg7 30. Ne5 Nd5 31. Bxd5 Qxd5 32. b3 f6 33. Nd3 Kf7 34. Kb2 Qh1 35. g4 fxg4 36. f5 Qd5 37. fxe6+ Qxe6 38. Qxh6 Qf5 39. Nf4 Qe4 40. Ng6 Qxd4+ 41. Ka2 Ba6 42. Qh7+ Ke6 43. Nf8+ Ke5 44. Qe7+ Kf5 45. h6 g3 46. Qg7 Qf2 47. Qg6+ Ke5 48. h7 g2 49. h8Q g1Q 50. Nd7+ Kd4 51. Qhxf6+ Ke3 52. Qc3+ Ke2 53. Qh5+ Kf1 54. Qd1+ Kg2 55. Qxc6+ Kh2 56. Qh5+ Kg3 57. Qg5+ 1-0

[Event "Prague op 23rd"]
[Site "Prague"]
[Date "2025.01.11"]
[Round "2"]
[White "Wilks, Simon"]
[Black "Harshavardhan, GB."]
[Result "0-1"]
[WhiteElo "2069"]
[BlackElo "2405"]
[PlyCount "92"]
[EventDate "2025.01.10"]
[EventType "swiss"]
[EventRounds "9"]
[EventCountry "CZE"]
[SourceTitle "CB04_2025"]
[SourceDate "2025.01.22"]
[SourceVersion "1"]
[SourceVersionDate "2025.01.22"]
[SourceQuality "1"]

1. e4 e5 2. Nf3 Nc6 3. Bb5 a6 4. Ba4 d6 5. c3 f5 6. d4 fxe4 7. Ng5 exd4 8. Nxe4 Nf6 9. Bg5 Be7 10. Bxc6+ bxc6 11. Qxd4 c5 12. Qd3 Rb8 13. 0-0 0-0 14. Nbd2 Nxe4 15. Nxe4 Rxb2 16. Rae1 Bxg5 17. Qd5+ Kh8 18. Nxg5 Qf6 19. Ne4 Qf5 20. Qd3 Bb7 21. f3 Qd5 22. Qe3 Qxa2 23. Qg5 h6 24. Qg3 Qf7 25. Nf2 Kh7 26. Re3 Re8 27. Ng4 Rxe3 28. Nxe3 Qg6 29. Qf4 Qg5 30. Qxg5 hxg5 31. Re1 Kg6 32. h3 Kf7 33. Kh2 Bc6 34. Kg3 a5 35. Kg4 Kf6 36. Kh5 Be8+ 37. Kg4 Bf7 38. h4 Be6+ 39. Kg3 gxh4+ 40. Kxh4 a4 41. f4 g6 42. g4 a3 43. f5 g5+ 44. Kg3 Bf7 45. c4 a2 46. Ra1 c6 0-1

[Event "Darlington Northumbria op"]
[Site "Darlington"]
[Date "2024.08.24"]
[Round "6"]
[White "Wadsworth, Matthew J"]
[Black "Wilks, Simon"]
[Result "1-0"]
[WhiteElo "2464"]
[BlackElo "2015"]
[PlyCount "149"]
[EventDate "2024.08.22"]
[EventType "swiss"]
[EventRounds "9"]
[EventCountry "ENG"]
[SourceTitle "CBM 221 Extra"]
[Source "ChessBase"]
[SourceDate "2024.09.30"]
[SourceVersion "1"]
[SourceVersionDate "2024.09.30"]
[SourceQuality "1"]

1. Nf3 d5 2. g3 Bg4 3. Bg2 Nd7 4. c4 e6 5. Qb3 Nc5 6. Qe3 c6 7. d4 Nd7 8. cxd5 cxd5 9. 0-0 Ngf6 10. Qb3 Qb6 11. Qxb6 Nxb6 12. Nc3 Be7 13. h3 Bh5 14. g4 Bg6 15. Ne5 0-0 16. a4 Rfc8 17. a5 Nc4 18. g5 Ne8 19. Nxg6 hxg6 20. e4 dxe4 21. Nxe4 Rab8 22. b3 Ncd6 23. Nc5 Nc7 24. Bf4 Ncb5 25. Nd7 Nxd4 26. Bxd6 Bxd6 27. Nxb8 Rxb8 28. Rfd1 Be5 29. Ra2 Nxb3 30. a6 bxa6 31. Rxa6 Nd4 32. Rxa7 Nf5 33. Be4 Nh4 34. Rdd7 Rf8 35. Kf1 Bf4 36. Ra5 Rc8 37. Ke2 Rb8 38. Kd3 Rf8 39. Rb5 Rc8 40. Ke2 Re8 41. Kf1 Rc8 42. Rd4 e5 43. Rd7 Bxg5 44. Rxe5 Bf6 45. Rb5 Rf8 46. Bd5 Nf5 47. Rxf7 Rxf7 48. Rb8+ Kh7 49. Bxf7 Nd6 50. Ba2 Ne4 51. Bb1 Nd2+ 52. Ke2 Nxb1 53. Rxb1 Kh6 54. Kf3 Kh5 55. Rb5+ Kh4 56. Kg2 g5 57. Rb8 Kh5 58. Kf3 Bd4 59. Rh8+ Kg6 60. Kg3 Bc5 61. Rc8 Bd4 62. Rd8 Ba7 63. f3 Be3 64. Kg4 Bc1 65. Rd6+ Kh7 66. Rc6 Bd2 67. Kf5 Be3 68. Re6 Bd2 69. Ke5 Bc3+ 70. Kd6 Bf6 71. Re8 Kg6 72. Ke6 Bb2 73. Rb8 Bc3 74. Rc8 Bf6 75. Rc4 1-0

[Event "London Mindsports op 4th"]
[Site "London"]
[Date "2024.07.23"]
[Round "9"]
[White "Hill, Alistair"]
[Black "Wilks, Simon"]
[Result "1-0"]
[WhiteElo "2101"]
[BlackElo "2027"]
[PlyCount "111"]
[EventDate "2024.07.18"]
[EventType "swiss"]
[EventRounds "9"]
[EventCountry "ENG"]
[SourceTitle "EXT 2025"]
[Source "ChessBase"]
[SourceDate "2024.10.14"]
[SourceVersion "1"]
[SourceVersionDate "2024.10.14"]
[SourceQuality "1"]

1. e4 e6 2. d4 d5 3. Nc3 Nf6 4. Bg5 Bb4 5. e5 h6 6. Bd2 Bxc3 7. bxc3 Ne4 8. Bc1 Nxc3 9. Qg4 g6 10. Ne2 Na4 11. h4 Qe7 12. Rh3 b6 13. Ba3 c5 14. dxc5 Nxc5 15. Nd4 a6 16. Rb1 Qc7 17. f4 h5 18. Qd1 Nbd7 19. Rc3 Qd8 20. g3 Bb7 21. Bg2 Rc8 22. Qd2 0-0 23. Qe3 Re8 24. Kf1 Na4 25. Rd3 Ndc5 26. Rd2 Qc7 27. Kg1 b5 28. Re1 Qd7 29. Bc1 Nb6 30. Bf1 Ne4 31. Rg2 Nc4 32. Qf3 Qe7 33. Bxc4 Rxc4 34. Rd1 Qb4 35. Be3 Rc3 36. g4 hxg4 37. Rxg4 Qa3 38. Nb3 d4 39. Rxd4 Nf6 40. Rxg6+ fxg6 41. Qg3 Kf7 42. exf6 Bc6 43. f5 exf5 44. Qc7+ Re7 45. fxe7 Qxe7 46. Qxe7+ Kxe7 47. Bg5+ Kf7 48. Rd2 Be4 49. Rd7+ Ke6 50. Ra7 Ke5 51. Rxa6 Rxc2 52. Ra5 Bd3 53. a4 f4 54. axb5 f3 55. b6+ Ke6 56. Nc5+ 1-0

[Event "London Mindsports op 4th"]
[Site "London"]
[Date "2024.07.20"]
[Round "4"]
[White "Brozel, Sacha"]
[Black "Wilks, Simon"]
[Result "1/2-1/2"]
[WhiteElo "2124"]
[BlackElo "2027"]
[PlyCount "74"]
[EventDate "2024.07.18"]
[EventType "swiss"]
[EventRounds "9"]
[EventCountry "ENG"]
[SourceTitle "EXT 2025"]
[Source "ChessBase"]
[SourceDate "2024.10.14"]
[SourceVersion "1"]
[SourceVersionDate "2024.10.14"]
[SourceQuality "1"]

1. d4 Nf6 2. c4 e6 3. g3 Bb4+ 4. Bd2 a5 5. Bg2 0-0 6. Nf3 d6 7. 0-0 Bxd2 8. Qxd2 Nbd7 9. Nc3 Qe7 10. Rac1 c6 11. b3 e5 12. e4 Re8 13. Rfe1 Nf8 14. h3 Ng6 15. Rcd1 Qc7 16. Qc1 Nd7 17. Re2 b6 18. Red2 Ngf8 19. Nh4 Nf6 20. c5 bxc5 21. dxc5 dxc5 22. Na4 Ne6 23. Nxc5 Nxc5 24. Qxc5 Nd7 25. Qd6 Qxd6 26. Rxd6 Nf8 27. Rxc6 a4 28. Nf5 Be6 29. Rb6 Nd7 30. Rb5 axb3 31. axb3 Reb8 32. Bf1 Nf6 33. Ne7+ Kf8 34. Nd5 Rxb5 35. Bxb5 Rb8 36. Bc4 Nxe4 37. Ne3 Nc5 1/2-1/2

[Event "Portimao op"]
[Site "Portimao"]
[Date "2024.02.12"]
[Round "2"]
[White "Grigoryan, Karen H"]
[Black "Wilks, Simon"]
[Result "1-0"]
[WhiteElo "2629"]
[BlackElo "2053"]
[PlyCount "81"]
[EventDate "2024.02.11"]
[EventType "swiss"]
[EventRounds "9"]
[EventCountry "POR"]
[SourceTitle "CBM 218 Extra"]
[Source "ChessBase"]
[SourceDate "2024.03.31"]
[SourceVersion "1"]
[SourceVersionDate "2024.03.31"]
[SourceQuality "1"]

1. e4 e6 2. d4 d5 3. exd5 exd5 4. c4 Nf6 5. Nc3 Be7 6. Nf3 0-0 7. cxd5 Nxd5 8. Bc4 Nxc3 9. bxc3 c6 10. 0-0 Bg4 11. h3 Bf5 12. a4 Nd7 13. Re1 Bd6 14. Qb3 Nb6 15. Bf1 Qc7 16. c4 c5 17. d5 Rfe8 18. Bb2 Nd7 19. Bd3 Bg6 20. Bxg6 hxg6 21. Qc2 Nf8 22. Ng5 Be5 23. Ne4 Bxb2 24. Qxb2 Qf4 25. g3 Qf5 26. Nd6 Rxe1+ 27. Rxe1 Qd7 28. Qxb7 Rd8 29. Qxd7 Rxd7 30. Nc8 f6 31. Ne7+ Kf7 32. Nc6 g5 33. a5 Ng6 34. a6 Ne7 35. Rb1 Nf5 36. Rb7 Ke8 37. Nxa7 Nd6 38. Nb5 Nxb7 39. axb7 Rd8 40. Nc7+ Kd7 41. Na6 1-0

[Event "BCF-chT2 2324 (4NCL)"]
[Site "England"]
[Date "2024.01.13"]
[Round "3.66"]
[White "Wilks, Simon"]
[Black "Talsma, Paul"]
[Result "1/2-1/2"]
[WhiteElo "2059"]
[BlackElo "2118"]
[PlyCount "52"]
[EventDate "2023.11.11"]
[EventType "team-tourn"]
[EventRounds "11"]
[EventCountry "ENG"]
[SourceTitle "CBM 219 Extra"]
[Source "ChessBase"]
[SourceDate "2024.05.31"]
[SourceVersion "1"]
[SourceVersionDate "2024.05.31"]
[SourceQuality "1"]
[WhiteTeam "Schach Attack"]
[BlackTeam "Anglian Avengers"]
[WhiteTeamCountry "ENG"]
[BlackTeamCountry "ENG"]

1. e4 e5 2. Nf3 Nf6 3. d4 Nxe4 4. Bd3 d5 5. Nxe5 Nd7 6. Nxd7 Bxd7 7. 0-0 Bd6 8. Nc3 Nxc3 9. bxc3 0-0 10. Rb1 b6 11. Qf3 c6 12. Be3 b5 13. Bf4 Qf6 14. Bxd6 Qxd6 15. Qg3 Qxg3 16. hxg3 Rfe8 17. Rfe1 h6 18. Kf1 Kf8 19. Ra1 Rxe1+ 20. Kxe1 a5 21. Kd2 Ke7 22. a3 Kd6 23. Rb1 Re8 24. Ra1 Ra8 25. Re1 Re8 26. Ra1 Ra8 1/2-1/2

[Event "BCF-chT2 2223 (4NCL)"]
[Site "England"]
[Date "2023.01.14"]
[Round "3.65"]
[White "Merriman, James"]
[Black "Wilks, Simon"]
[Result "1/2-1/2"]
[WhiteElo "2203"]
[BlackElo "2213"]
[PlyCount "106"]
[EventDate "2022.10.22"]
[EventType "team-tourn"]
[EventRounds "11"]
[EventCountry "ENG"]
[SourceTitle "EXT 2024"]
[Source "ChessBase"]
[SourceDate "2023.10.10"]
[SourceVersion "1"]
[SourceVersionDate "2023.10.10"]
[SourceQuality "1"]
[WhiteTeam "KJCA Kings"]
[BlackTeam "Schach Attack"]
[WhiteTeamCountry "ENG"]
[BlackTeamCountry "ENG"]

1. d4 Nf6 2. c4 e6 3. Nc3 Bb4 4. e3 0-0 5. Bd3 c5 6. Nf3 d5 7. 0-0 Nc6 8. a3 Bxc3 9. bxc3 dxc4 10. Bxc4 Qc7 11. Bb2 Rd8 12. Qe2 e5 13. h3 h6 14. Rad1 Bf5 15. Ba2 Be4 16. Nd2 Bh7 17. Nb3 Ne4 18. d5 Ne7 19. Nd2 Nd6 20. c4 f6 21. e4 Ng6 22. g3 Qd7 23. h4 Re8 24. h5 Nh8 25. Bb1 Nhf7 26. Nf3 Qg4 27. Rfe1 Qxh5 28. Bd3 Ng5 29. Nxg5 Qxe2 30. Rxe2 hxg5 31. g4 Kf7 32. Kg2 Rh8 33. f3 Ke7 34. Kg3 Bg6 35. Rh2 Rxh2 36. Kxh2 Rh8+ 37. Kg2 Be8 38. a4 b6 39. a5 Bd7 40. Ba3 Kd8 41. Ra1 Kc7 42. Bb2 Kb7 43. Bc1 Bc8 44. Be3 Kb8 45. Rb1 Kc7 46. Ra1 Bb7 47. Be2 Ra8 48. Kf2 Ba6 49. Ra4 Kb7 50. Ke1 Rh8 51. Kf1 Rh2 52. Bg1 Rh8 53. Bf2 Rh1+ 1/2-1/2

[Event "Hastings Weekend op"]
[Site "Hastings"]
[Date "2023.01.07"]
[Round "2"]
[White "Sivanandan, Bodhana"]
[Black "Wilks, Simon"]
[Result "0-1"]
[WhiteElo "1718"]
[BlackElo "2072"]
[PlyCount "110"]
[EventDate "2023.01.07"]
[EventType "swiss"]
[EventRounds "5"]
[EventCountry "ENG"]
[SourceTitle "CBM 212 Extra"]
[Source "ChessBase"]
[SourceDate "2023.03.31"]
[SourceVersion "1"]
[SourceVersionDate "2023.03.31"]
[SourceQuality "1"]

1. e4 e6 2. d4 d5 3. e5 c5 4. c3 Nc6 5. Nf3 Bd7 6. Bd3 cxd4 7. 0-0 dxc3 8. Nxc3 Nge7 9. Re1 Ng6 10. Bg5 Qb8 11. Qd2 h6 12. Bf4 Nxf4 13. Qxf4 a6 14. Nd4 Nxd4 15. Qxd4 Qa7 16. Ne2 Qxd4 17. Nxd4 Bc5 18. Nb3 Bb6 19. Rac1 Ke7 20. Nc5 Bxc5 21. Rxc5 Rhc8 22. Rec1 Rxc5 23. Rxc5 Rc8 24. Rxc8 Bxc8 25. f4 Kd7 26. a4 a5 27. Bb5+ Kc7 28. Kf2 Kb6 29. h4 Kc7 30. Ke3 Bd7 31. Bxd7 Kxd7 32. g4 g6 33. Kd4 Kc6 34. b3 Kb6 35. f5 g5 36. hxg5 hxg5 37. fxe6 fxe6 38. Kd3 Kc5 39. Kc3 d4+ 40. Kd2 Kd5 41. Kd3 b6 42. Kd2 Kxe5 43. Kd3 Kd5 44. Kd2 e5 45. Kd3 e4+ 46. Ke2 d3+ 47. Ke3 Ke5 48. Kd2 Kd4 49. Kd1 e3 50. Ke1 d2+ 51. Ke2 Ke4 52. Kf1 d1Q+ 53. Kg2 Qe2+ 54. Kg1 Kf3 55. Kh1 Qg2# 0-1

[Event "Hastings Masters op"]
[Site "Hastings"]
[Date "2023.01.06"]
[Round "10"]
[White "Banerjee, Supratit"]
[Black "Wilks, Simon"]
[Result "0-1"]
[WhiteElo "1541"]
[BlackElo "2072"]
[PlyCount "180"]
[EventDate "2022.12.28"]
[EventType "swiss"]
[EventRounds "10"]
[EventCountry "ENG"]
[SourceTitle "CBM 212 Extra"]
[Source "ChessBase"]
[SourceDate "2023.03.31"]
[SourceVersion "1"]
[SourceVersionDate "2023.03.31"]
[SourceQuality "1"]

1. e4 e6 2. d4 d5 3. exd5 exd5 4. Nf3 Nc6 5. Bd3 Bd6 6. 0-0 Nge7 7. c3 Bg4 8. a4 Qd7 9. b4 0-0 10. Be3 Rae8 11. Nbd2 f5 12. Bg5 Ng6 13. Qc2 h6 14. Be3 Nge7 15. b5 f4 16. bxc6 Nxc6 17. Bg6 Rb8 18. Rae1 fxe3 19. fxe3 Ne7 20. Bd3 Bf5 21. e4 dxe4 22. Nxe4 b6 23. c4 Bb4 24. Re2 Bg4 25. Qb2 Bxf3 26. gxf3 Bd6 27. Rg2 Nf5 28. Nxd6 Qxd6 29. d5 Qe7 30. Bxf5 Rxf5 31. Kh1 Rbf8 32. Rfg1 R8f7 33. Qd2 Qh4 34. Qc3 Qf6 35. Qd2 Rxf3 36. Rg6 Rf2 37. Rxf6 Rxd2 38. Rxh6 Ra2 39. Rh4 Rxa4 40. Re1 Rf2 41. Rg4 Raa2 42. h4 Rac2 43. Kg1 Rfd2 44. h5 Kh7 45. Rf1 a5 46. Rf7 Rd1+ 47. Rf1 Rxf1+ 48. Kxf1 a4 49. c5 Rxc5 50. Rxa4 Rxd5 51. Ra7 Rc5 52. Kf2 Kh6 53. Kg3 Kxh5 54. Ra8 Kg5 55. Kf3 Rc4 56. Rg8 g6 57. Re8 c6 58. Re5+ Kf6 59. Re8 b5 60. Ke3 g5 61. Rf8+ Ke7 62. Rg8 g4 63. Rg6 Kd7 64. Rg7+ Kd6 65. Rg6+ Kc5 66. Rg5+ Kb4 67. Kd3 Kb3 68. Rh5 g3 69. Rg5 c5 70. Kd2 Rc3 71. Rg4 g2 72. Kd1 Rc2 73. Rg3+ Kb2 74. Ke1 Rc1+ 75. Kf2 g1Q+ 76. Rxg1 Rxg1 77. Kxg1 c4 78. Kf2 c3 79. Kg3 c2 80. Kf4 c1Q+ 81. Ke5 Ka2 82. Ke4 b4 83. Kd4 b3 84. Kd5 b2 85. Ke5 b1Q 86. Kd4 Qb4+ 87. Kd5 Qg5+ 88. Kc6 Qbc5+ 89. Kb7 Qge7+ 90. Ka6 Qea7# 0-1

[Event "London Mindsports Rapid"]
[Site "London"]
[Date "2022.09.11"]
[Round "2.7"]
[White "Wilks, Simon"]
[Black "Pollack, Maximo"]
[Result "1-0"]
[WhiteElo "1943"]
[BlackElo "1164"]
[PlyCount "57"]
[EventDate "2022.09.11"]
[EventType "swiss (rapid)"]
[EventRounds "9"]
[EventCountry "ENG"]
[SourceTitle "CBM 210 Extra"]
[Source "ChessBase"]
[SourceDate "2022.11.30"]
[SourceVersion "1"]
[SourceVersionDate "2022.11.30"]
[SourceQuality "1"]

1. e4 c6 2. d4 d5 3. Nc3 dxe4 4. Nxe4 Bf5 5. Ng3 Bg6 6. h4 h6 7. Nf3 Nf6 8. Ne5 Bh7 9. Bc4 e6 10. Qe2 Nbd7 11. Nxf7 Qe7 12. Nxh8 0-0-0 13. Bd3 Bg8 14. Ng6 Qd6 15. c3 c5 16. Bf4 Qb6 17. 0-0 cxd4 18. cxd4 Bd6 19. Bxd6 Qxd6 20. Rfd1 Nb6 21. Ne4 Qxd4 22. Ne7+ Kb8 23. Nxg8 Rxg8 24. Qf3 Nfd5 25. Rac1 Nd7 26. Bb5 Qxb2 27. Bxd7 Nc7 28. Rb1 Qxa2 29. Nc5 1-0